| 000 | 00445 a2200121 4500 | ||
|---|---|---|---|
| 020 | _a0309098521 | ||
| 022 | _a00775614 | ||
| 082 | _a363.125 FRI | ||
| 100 | _aFriedman David | ||
| 245 |
_aNCHRP Report 525 Surface Transportation Security Vol 10 A Guide to Transportation's Role in Public Health Disaters / _cDavid Friedman |
||
| 260 |
_aWashington : _bTransportation Research Board, _c2006 |
||
| 300 |
_a66+p. : _bill. ; _c30 cm |
||
| 650 | _aTransportation Role in Public Health | ||
| 999 |
_c2195 _d2195 |
||